000 00534nam a2200181 a 4500
003 BD-DhJNU
005 20250826050650.0
008 250501s1962 ii a b 001 0 eng
040 _aBD-DhJNU
_bENG
_cBD-DhJNU
_dBD-DhJNU
082 0 0 _a952 STH
_223
100 1 _aStorry, Richard
245 1 0 _aA history of modern Japan /
_cRichard Storry
260 _aLondon :
_bCassell & Company Ltd,
_c1962.
300 _a287 p. :
_bill. ;
_c22 cm.
504 _aIncludes bibliographical references and index.
650 0 _aModern Japan
942 _cBK
999 _c2028
_d2028